1335 1905 1777 1619 1498 1553 1235 1087 1403 1642 1419 1249 1916 1658 1311 1871 1167 1855 1116 1347 1045 1633 1178 1903 1347 1564 1899 1559 1902 1660 1622 1860 1306 1733 1187 1035 1981 1514 1390 1741 1962 1504 1117 1674 1279 1232 1866 1691 1806 1593 1505 1226 1297 1645 1157 1425 1690 1979 1992 1827 1987 1172 1150 1023 1287 1950 1244 1278 1917 1229 1309 1191 1583 1808 1822 1846 1694 1661 1882 1800 1300 1961 1926 1086 1162 1916 1971 1471 1277 1128 1914 1908 1993 1450 1252 1042 1000 1096 1242 BCNSPRNW ULIB Ver.6.0+V

เปลี่ยนเป็นภาษาไทย

Change to English
 แสดงรายละเอียดบรรณานุกรม
  กลับหน้าหลัก

Brief Record : Get Marc (ISO 2709) : E-mail record : QR code < ปิดหน้าต่าง
LEADER : 00000nam 2200000uu 4500
001    13399110938
003     ULIB
008    110613s||||||||th 000 0 tha d
020    9749183320
050  4 AC158^bร185ด 2004
100    ร็อด ทีโอโดรู
245    เด็กๆรู้ไหมทำไมไทรเซอราท็อปส์มีเขา /^cผู้แต่ง ร็อด ทีโอโดรู
260    กรุงเทพฯ : ^bโกรเลียร์ อินเตอร์เนชั่นแนล, ^c2004
300    32 หน้า : ^bภาพประกอบสี ; ^c28 ซม.
650  7 ความรู้รอบตัว
650  7 ไดโนเสา
945    ^p350^l0^i029027
995    ทศพร
999 ^a ใช้งานได้ทุกระบบ
รายการนี้ยังไม่มีแท็ก
คุณยังไม่ได้ล็อกอิน คุณสามารถมีกิจกรรมร่วมกับเว็บไซต์ได้ แต่ต้องล็อกอินก่อน ::
  ล็อกอิน

รายการสื่อสารสนเทศ

ลำดับที่ ประเภท เลขเรียก/บาร์โค้ด สถานที่ สถานะ
- ไม่พบข้อมูล -

รายการใกล้เคียง
    หัวเรื่อง [ความรู้รอบตัว]

BibComment


ยังไม่เคยถูกคอมเมนท์

คอมเมนท์ทรัพยากรรายการนี้
  คอมเมนท์: เด็กๆรู้ไหมทำไมไท..


 Copyright 2026. Bcnsprnw @Library